000 00794nam a22002777i 4500
003 DO-SdBNP
005 20240306073910.0
006 a||||er|||| 00| 0
007 ta
008 231004t1994 gt ||||| |||| 00| p spa d
020 _a843220711X
040 _aDO-SdBNP
_bspa
_cBNPHU
_erda
082 4 _bC392b
_222
100 1 _aMartí, José,
_d1853-1895
_eautor
_9645
245 1 0 _aA bote pronto /
_cCamilo José Cela
264 4 _aBarcelona :
_bGráficos Duplex,
_c1994
300 _a240 páginas ;
_c22 cm.
336 _2rdacontent
_atexto
_btxt
337 _2rdamedia
_asin mediación
_bn
338 _2rdacarrier
_avolumen
_bnc
590 _aInventariado 2023 /DG
650 4 _914068
_aCuentos guatemaltecos
650 4 _95393
_aLiteratura guatemalteca
910 _aDG
942 _2ddc
_cLBS1
999 _c55160
_d55160